|
|
|
|
| LEADER |
01782nam a22004455i 4500 |
| 001 |
978-1-137-51190-4 |
| 003 |
DE-He213 |
| 005 |
20170715040024.0 |
| 007 |
cr nn 008mamaa |
| 008 |
170715s2012 xxu| s |||| 0|eng d |
| 020 |
|
|
|a 9781137511904
|9 978-1-137-51190-4
|
| 024 |
7 |
|
|a 10.1007/978-1-137-51190-4
|2 doi
|
| 040 |
|
|
|d GrThAP
|
| 050 |
|
4 |
|a HN8-HN19
|
| 072 |
|
7 |
|a HBTB
|2 bicssc
|
| 072 |
|
7 |
|a HIS054000
|2 bisacsh
|
| 082 |
0 |
4 |
|a 306.09
|2 23
|
| 100 |
1 |
|
|a Vitasek, Kate.
|e author.
|
| 245 |
1 |
0 |
|a Vested
|h [electronic resource] :
|b How P&G, McDonald’s and Microsoft are Redefining Winning in Business Relationships /
|c by Kate Vitasek, Karl Manrodt, Jeanne Kling.
|
| 264 |
|
1 |
|a New York :
|b Palgrave Macmillan US :
|b Imprint: Palgrave Macmillan,
|c 2012.
|
| 300 |
|
|
|a XV, 219 p.
|b online resource.
|
| 336 |
|
|
|a text
|b txt
|2 rdacontent
|
| 337 |
|
|
|a computer
|b c
|2 rdamedia
|
| 338 |
|
|
|a online resource
|b cr
|2 rdacarrier
|
| 347 |
|
|
|a text file
|b PDF
|2 rda
|
| 520 |
|
|
|a Working with partners is the future of business. In this timely and original work, Vitasek and Mandrodt show companies, through a series of high-profile global examples, how to create a vested agreement that brings success and create a better future for everyone involved.
|
| 650 |
|
0 |
|a History.
|
| 650 |
|
0 |
|a Management.
|
| 650 |
|
0 |
|a Social history.
|
| 650 |
1 |
4 |
|a History.
|
| 650 |
2 |
4 |
|a Social History.
|
| 650 |
2 |
4 |
|a Management.
|
| 700 |
1 |
|
|a Manrodt, Karl.
|e author.
|
| 700 |
1 |
|
|a Kling, Jeanne.
|e author.
|
| 710 |
2 |
|
|a SpringerLink (Online service)
|
| 773 |
0 |
|
|t Springer eBooks
|
| 776 |
0 |
8 |
|i Printed edition:
|z 9780230341708
|
| 856 |
4 |
0 |
|u http://dx.doi.org/10.1007/978-1-137-51190-4
|z Full Text via HEAL-Link
|
| 912 |
|
|
|a ZDB-2-SHU
|
| 950 |
|
|
|a Humanities, Social Sciences and Law (Springer-11648)
|